| 000 | 00811nam a22002537a 4500 | ||
|---|---|---|---|
| 999 |
_c14998 _d14998 |
||
| 003 | AR-CdUCM | ||
| 008 | 190425b ||||| |||| 00| 0 spa d | ||
| 020 | _a978-84-205-5976-6 | ||
| 040 |
_aMUNICIPALIDAD PROVINCIAL DEL CUSCO _cBIBLIOTECA MUNICIPAL DEL CUSCO |
||
| 041 | _hspa | ||
| 082 |
_aES / 808.8 / _bSC29 |
||
| 100 |
_aSchuff, Nicolás _933185 |
||
| 245 | _aCompañía animal / | ||
| 260 |
_aEspaña : _bPearson Educacción, _c2012. |
||
| 300 |
_a54 páginas ; _bilustraciones, _c19.5 cm. |
||
| 440 |
_aColección Alhambra. _933984 |
||
| 650 |
_aLiteratura infantil _9588 |
||
| 650 |
_aCuentos infantiles _93927 |
||
| 650 |
_aSiglo XXI _92856 |
||
| 700 |
_aVArela, Cecilia (ilustración) _933992 |
||
| 710 |
_aAlways Learning - Pearson. _933993 |
||
| 942 |
_2ddc _cLIBROS |
||
| 945 |
_aachl _d2019-04-25 |
||